MARC details
| 000 -LEADER |
| fixed length control field |
02440nam a2200361 4500 |
| 003 - CONTROL NUMBER IDENTIFIER |
| control field |
3228 |
| 005 - DATE AND TIME OF LATEST TRANSACTION |
| control field |
20260604110335.0 |
| 008 - FIXED-LENGTH DATA ELEMENTS--GENERAL INFORMATION |
| fixed length control field |
eng |
| 020 ## - INTERNATIONAL STANDARD BOOK NUMBER |
| International Standard Book Number |
9781913068356 |
| Qualifying information |
Paperback |
| 040 ## - CATALOGING SOURCE |
| Original cataloging agency |
RDA |
| Language of cataloging |
eng |
| Transcribing agency |
RDA |
| Description conventions |
Resource Description and Access |
| Modifying agency |
RDA |
| 082 04 - DEWEY DECIMAL CLASSIFICATION NUMBER |
| Classification number |
650.1 GUPT |
| 264 #1 - PRODUCTION, PUBLICATION, DISTRIBUTION, MANUFACTURE, AND COPYRIGHT NOTICE |
| Place of production, publication, distribution, manufacture |
London |
| Name of producer, publisher, distributor, manufacturer |
Endeavour |
| Date of production, publication, distribution, manufacture, or copyright notice |
2021 |
| 100 1# - MAIN ENTRY--PERSONAL NAME |
| Personal name |
Gupta, Suneel, |
| Relator term |
author. |
| 245 10 - TITLE STATEMENT |
| Title |
Backable : |
| Remainder of title |
the surprising truth behind what makes people take a chance on you / |
| Statement of responsibility, etc. |
Suneel Gupta, with Carlye Adler. |
| 300 ## - PHYSICAL DESCRIPTION |
| Extent |
ix, 241 pages ; |
| Dimensions |
24 centimeters |
| 504 ## - BIBLIOGRAPHY, ETC. NOTE |
| Bibliography, etc. note |
Includes bibliographical references (pages 219-232) and index. |
| 520 ## - SUMMARY, ETC. |
| Summary, etc. |
"No one makes it alone. But there's a reason why some people can get investors or bosses to believe in them while others cannot. And that reason has little to do with experience, pedigree or a polished business plan. Backable people seem to have a hidden quality that inspires others to take action. We often chalk this up to natural talent or charisma...either you have "it" or you don't. After getting rejected by every investor he pitched, Suneel Gupta had a burning question: could "it" be learned? Drawing lessons from hundreds of the world's biggest thinkers, Suneel discovered how to pitch new ideas in a way that has raised millions of dollars, influenced large-scale change inside massive corporations, and even convinced his 8-year old daughter to clean her room. Inside are long-held secrets from producers of Oscar-winning films, members of Congress, military leaders, culinary stars, venture capitalists, founders of unicorn-status startups, and executives at iconic companies like Lego, Method, and Pixar. Backable reveals how the key to success is not charisma, connections, or even your resume, but rather your ability to persuade others to take a chance on you. This groundbreaking book will show you how." -- Goodreads. |
| 650 #0 - SUBJECT ADDED ENTRY--TOPICAL TERM |
| Topical term or geographic name entry element |
Success in business |
| General subdivision |
Psychological aspects. |
| 650 #0 - SUBJECT ADDED ENTRY--TOPICAL TERM |
| Topical term or geographic name entry element |
Success in business. |
| 650 #0 - SUBJECT ADDED ENTRY--TOPICAL TERM |
| Topical term or geographic name entry element |
Business communication. |
| 650 #0 - SUBJECT ADDED ENTRY--TOPICAL TERM |
| Topical term or geographic name entry element |
Business communication |
| General subdivision |
Psychological aspects. |
| 650 #0 - SUBJECT ADDED ENTRY--TOPICAL TERM |
| Topical term or geographic name entry element |
Persuasion (Psychology) |
| 650 #0 - SUBJECT ADDED ENTRY--TOPICAL TERM |
| Topical term or geographic name entry element |
Success. |
| 650 #0 - SUBJECT ADDED ENTRY--TOPICAL TERM |
| Topical term or geographic name entry element |
Marketing. |
| 650 #0 - SUBJECT ADDED ENTRY--TOPICAL TERM |
| Topical term or geographic name entry element |
Interpersonal relations. |
| 650 #0 - SUBJECT ADDED ENTRY--TOPICAL TERM |
| Topical term or geographic name entry element |
Interpersonal communication. |
| 650 #7 - SUBJECT ADDED ENTRY--TOPICAL TERM |
| Topical term or geographic name entry element |
Interpersonal communication. |
| Source of heading or term |
fast |
| Authority record control number or standard number |
(OCoLC)fst00977344 |
| 650 #7 - SUBJECT ADDED ENTRY--TOPICAL TERM |
| Topical term or geographic name entry element |
Interpersonal relations. |
| 650 #7 - SUBJECT ADDED ENTRY--TOPICAL TERM |
| Topical term or geographic name entry element |
Marketing. |
| 650 #7 - SUBJECT ADDED ENTRY--TOPICAL TERM |
| Topical term or geographic name entry element |
Success. |
| 700 1# - ADDED ENTRY--PERSONAL NAME |
| Personal name |
Adler, Carlye, |
| Relator term |
author. |
| 942 ## - ADDED ENTRY ELEMENTS |
| Source of classification or shelving scheme |
Dewey Decimal Classification |
| item type |
Book |
| Call number prefix |
650.1 |
| Call number suffix |
GUPT |
| -- |
170 |
| -- |
Busisiwe Dlamini |
| -- |
170 |
| -- |
Busisiwe Dlamini |